Komparativní analýza minimální mzdy v ČR a ve vybraných zemích EU

Teoreticko-metodologické východiská. Vývoj minimálnej mzdy v ČR. Minimálne mzdy v štátoch Európskej únie.

Guardado en:
Detalles Bibliográficos
Autor principal: Tvrdoň, Michal
Formato: Capítulo de libro
Lenguaje:checo
Materias:
Etiquetas: Agregar Etiqueta
Sin Etiquetas, Sea el primero en etiquetar este registro!

MARC

LEADER 00000naa$a2200000$$$4500
001 0066572
005 20231107115128.6
041 0 |a cze 
044 |a CZ 
245 1 0 |a Komparativní analýza minimální mzdy v ČR a ve vybraných zemích EU  |c Michal Tvrdoň 
520 |a Teoreticko-metodologické východiská. Vývoj minimálnej mzdy v ČR. Minimálne mzdy v štátoch Európskej únie. 
610 2 0 |a mzdy minimálne 
610 2 0 |a Česko 
610 2 0 |a Európska únia 
610 2 0 |a porovnanie medzinárodné 
100 1 |a Tvrdoň, Michal